Retos morales en la sociedad y en la Iglesia
Salvato in:
| Autore principale: | |
|---|---|
| Natura: | Libro |
| Lingua: | spagnolo |
| Pubblicazione: |
Pamplona
Verbo Divino
1992
|
| Soggetti: | |
| Tags: |
Aggiungi Tag
Nessun Tag, puoi essere il primo ad aggiungerne!!
|
MARC
| LEADER | 00000nam a2200000 a 4500 | ||
|---|---|---|---|
| 001 | UCX6407 | ||
| 003 | CL-VaPUC | ||
| 008 | 930607e19920000SP |||||||||||||||||spa|d | ||
| 082 | 0 | 4 | |a 241 |b VID |2 21 |
| 100 | |a Vidal García, Marciano |e author |9 600968 | ||
| 245 | 1 | 0 | |a Retos morales en la sociedad y en la Iglesia |
| 300 | |a 236 p | ||
| 942 | |c BK | ||
| 945 | |d 19930607 00:00:00 | ||
| 260 | |a Pamplona |b Verbo Divino |c 1992 | ||
| 650 | 0 | |a Teología moral |9 256617 | |
| 583 | |a last modification |c 20120711 10:03:11 |k Rodrigo Vera | ||
| 999 | |c 226431 |d 226429 | ||
| 952 | |0 0 |1 0 |4 0 |6 241_000000000000000_VID_1992 |7 0 |8 A |9 224764 |a BIBTEO |b BIBTEO |d 2019-11-15 |i 2935120 |o 241 VID 1992 |p 2935120 |r 2025-01-17 |w 2019-11-15 |y BK |k ICR | ||
| 952 | |0 0 |1 0 |4 0 |6 241_000000000000000_VID_1992 |7 0 |8 A |9 224765 |a BIBTEO |b BIBTEO |d 2019-11-15 |i 3431703 |l 12 |o 241 VID 1992 |p 3431703 |r 2025-01-17 |s 2022-01-03 |w 2019-11-15 |y BK |k ICR | ||
| 952 | |0 0 |1 0 |4 0 |6 241_000000000000000_VID_1992 |7 0 |8 A |9 224766 |a BIBTEO |b BIBTEO |d 2019-11-15 |i 3431711 |o 241 VID 1992 |p 3431711 |r 2025-01-17 |w 2019-11-15 |y BK |k ICR | ||
| 952 | |0 0 |1 0 |4 0 |6 241_000000000000000_VID_1992 |7 0 |8 A |9 224767 |a BIBTEO |b BIBTEO |d 2019-11-15 |i 4448359 |l 14 |o 241 VID 1992 |p 4448359 |r 2025-01-17 |s 2022-01-03 |w 2019-11-15 |y BK |k ICR | ||